France's Borders Quiz Stats

 Plays Quiz Updated Feb 1, 2019

Support Sporcle.
Go Orange.
Score 0/10 Timer 01:30
19 Plays Today
Country % Correct
Spain
98%
Germany
97.5%
Belgium
93.2%
Italy
91.6%
Switzerland
90.3%
Luxembourg
84.1%
Andorra
80.6%
Monaco
75.7%
Brazil
49.9%
Suriname
43.1%

From the Vault

NBA 50 Point Games (2000s)

by akabuca96

Sports 5m
Wilt Chamberlain looks at this quiz and yawns.
Remove Ads.
Support Sporcle.
Get the best of Sporcle when you Go Orange. This ad-free experience offers more features, more stats, and more fun while also helping to support Sporcle. Thank you for becoming a member.

Show Comments

Extras

Top Quizzes Today


Score Distribution

Your Account Isn't Verified!

In order to create a playlist on Sporcle, you need to verify the email address you used during registration. Go to your Sporcle Settings to finish the process.

Report this User

Report this user for behavior that violates our Community Guidelines.

Details: